Высоковольтное коммутирующее устройство на основе двух последовательно соединённых сильноточных вакуумных разрядников; Приборы и техника эксперимента; № 2

Xehetasun bibliografikoak
Parent link:Приборы и техника эксперимента/ Российская академия наук.— , 1956-.— 0032-8162
№ 2.— 2003.— с. 46-52
Egile nagusia: Сидоров В. А.
Beste egile batzuk: Алфёров Д. Ф.
Hizkuntza:errusiera
Argitaratua: 2003
Saila:Электроника и радиотехника
Gaiak:
Formatua: Liburu kapitulua
KOHA link:https://koha.lib.tpu.ru/cgi-bin/koha/opac-detail.pl?biblionumber=427145

MARC

LEADER 00000naa2a2200000 4500
001 427145
005 20231101074625.0
035 |a (RuTPU)RU\TPU\prd\86269 
035 |a RU\TPU\prd\13256 
090 |a 427145 
100 |a 20100903a2003 k y0rusy50 ca 
101 0 |a rus 
102 |a RU 
200 1 |a Высоковольтное коммутирующее устройство на основе двух последовательно соединённых сильноточных вакуумных разрядников  |f В. А. Сидоров, Д. Ф. Алфёров 
225 1 |a Электроника и радиотехника 
320 |a Библиогр.: 19 назв. 
461 1 |0 (RuTPU)RU\TPU\prd\300  |x 0032-8162  |t Приборы и техника эксперимента  |f Российская академия наук  |d 1956- 
463 1 |0 (RuTPU)RU\TPU\prd\86261  |t № 2  |v с. 46-52  |d 2003 
610 1 |a высоковольтные устройства 
610 1 |a коммутирующие устройства 
610 1 |a вакуумные разрядники 
610 1 |a сильноточные разрядники 
700 1 |a Сидоров  |b В. А. 
701 1 |a Алфёров  |b Д. Ф. 
801 1 |a RU  |b 63413507  |c 20030430  |g PSBO 
801 2 |a RU  |b 63413507  |c 20100903  |g RCR 
942 |c BK